000 00589nam a2200181Ia 4500
008 090630s9999 xx 000 0 und d
082 _b19041
100 _aओशो.
245 _aमाझा संदेश : आनंदोत्सव.
_cओशो.
260 _bस्वामी - पुणे.
_c1991
300 _a72
600 _aओशो.
630 _aमाझा संदेश : आनंदोत्सव.
655 _aधार्मिक.
700 _aओशो.
730 _aमाझा संदेश : आनंदोत्सव.
942 _cBOOK
999 _c270897
_d270897